000 00407nam a22001337a 4500
999 _c522197
_d522197
008 230314b ||||| |||| 00| 0 eng d
100 _aKagan, Robert
_938997
245 _aThe price of Hegemony: Can America learn to use its power?
260 _aForeign Affairs
300 _a101(3), May-Jun, 2022: p.10-19
773 _aForeign Affairs
906 _aUNITED STATES - FOREIGN RELATIONS
942 _cAR